Cơ sở hoá sinh : Dùng cho sinh viên ngành Khoa học Tự nhiên

Nội dung tài liệu trình bày logic phân tử của sự sống. Tế bào và cấu trúc tế bào. Thành phần hoá học của cơ thể sống và vai trò của nước trong quá trình sống. Các chất xúc tác sinh học

Đã lưu trong:
書目詳細資料
主要作者: Trịnh Lê Hùng
格式: 圖書
語言:Vietnamese
出版: H. Giáo dục 2009
版:Tái bản lần thứ 3
主題:
標簽: 添加標簽
沒有標簽, 成為第一個標記此記錄!
Thư viện lưu trữ: Thư viện Trường Đại học Nam Cần Thơ
LEADER 01354aam a22002298a 4500
001 NCT_1000
008 090826s2009 ||||||viesd
999 |c 50  |d 50 
020 |c 31000 
082 0 4 |2 23rd ed.  |a 572  |b H513 
100 1 |a Trịnh Lê Hùng 
245 1 0 |a Cơ sở hoá sinh :  |b Dùng cho sinh viên ngành Khoa học Tự nhiên  |c Trịnh Lê Hùng 
250 |a Tái bản lần thứ 3 
260 |a H.  |b Giáo dục  |c 2009 
300 |a 211tr.  |b hình vẽ, bảng  |c 27cm 
520 3 |a Nội dung tài liệu trình bày logic phân tử của sự sống. Tế bào và cấu trúc tế bào. Thành phần hoá học của cơ thể sống và vai trò của nước trong quá trình sống. Các chất xúc tác sinh học 
655 7 |a Giáo trình 
942 |2 ddc  |c BK 
952 |0 0  |1 0  |2 ddc  |4 0  |6 572_000000000000000_H513  |7 0  |9 428  |a 000001  |b 000001  |d 2017-10-07  |o 572 H513  |p MD.00300  |r 2017-10-07  |v 31000.00  |w 2017-10-07  |y BK 
952 |0 0  |1 0  |2 ddc  |4 0  |6 572_000000000000000_H513  |7 0  |9 429  |a 000001  |b 000001  |d 2017-10-07  |o 572 H513  |p MD.00299  |r 2017-10-07  |v 31000.00  |w 2017-10-07  |y BK 
952 |0 0  |1 0  |2 ddc  |4 0  |6 572_000000000000000_H513  |7 0  |9 430  |a 000001  |b 000001  |d 2017-10-07  |o 572 H513  |p MD.00298  |r 2017-10-07  |v 31000.00  |w 2017-10-07  |y BK 
980 |a Thư viện Trường Đại học Nam Cần Thơ